Multilayer security system using RFID, FR & Biometric / (Record no. 615861)

000 -LEADER
fixed length control field 00666nam a22001817a 4500
003 - CONTROL NUMBER IDENTIFIER
control field NUST
005 - DATE AND TIME OF LATEST TRANSACTION
control field 20260119155435.0
082 ## - DEWEY DECIMAL CLASSIFICATION NUMBER
Classification number 621.382,HAI
100 ## - MAIN ENTRY--PERSONAL NAME
Personal name Haider, Ibrahim
9 (RLIN) 132833
245 ## - TITLE STATEMENT
Title Multilayer security system using RFID, FR & Biometric /
Statement of responsibility, etc. Ibrahim Haider, Mohsin Saleem, Mansoor Ahmad and Saeed Ahmad (BETE-50)
260 ## - PUBLICATION, DISTRIBUTION, ETC.
Place of publication, distribution, etc. Rawalpindi
Name of publisher, distributor, etc. MCS (NUST)
Date of publication, distribution, etc. June, 2017
300 ## - PHYSICAL DESCRIPTION
Extent vii,43 p.;
505 ## - FORMATTED CONTENTS NOTE
Formatted contents note Introduction (Page-2), Background Study (Page-3), Design (Page-4), Future Work (Page-15), Conclusion (Page-15).
650 ## - SUBJECT ADDED ENTRY--TOPICAL TERM
Topical term or geographic name entry element UG Project
9 (RLIN) 131132
651 ## - SUBJECT ADDED ENTRY--GEOGRAPHIC NAME
Geographic name BETE-50
9 (RLIN) 132811
700 ## - ADDED ENTRY--PERSONAL NAME
Personal name Supervised by Dr. Adil Masood
9 (RLIN) 132184
942 ## - ADDED ENTRY ELEMENTS (KOHA)
Source of classification or shelving scheme
Koha item type Project Report
Holdings
Withdrawn status Lost status Source of classification or shelving scheme Damaged status Not for loan Permanent Location Current Location Shelving location Date acquired Total Checkouts Full call number Barcode Date last seen Price effective from Koha item type Public note
          Military College of Signals (MCS) Military College of Signals (MCS) Reference 01/19/2026   621.382,HAI MCSPTE-269 01/19/2026 01/19/2026 Project Report Almirah No.90, Shelf No.4
© 2023 Central Library, National University of Sciences and Technology. All Rights Reserved.